| 000 | 01256nam a2200277 4500 | ||
|---|---|---|---|
| 001 | 12945 | ||
| 003 | OSt | ||
| 005 | 20250324102343.0 | ||
| 007 | tu | ||
| 008 | |||||||||||| ger | ||
| 040 |
_cDE-2950 _aDE-2950 |
||
| 245 | 0 | 0 |
_aOstbrandenburg-Neumark-Kurier: _bInformationsblatt der Landsmannschaft Ostbrandenburg/ Neumark e.V. Berichte aus der Stiftung Brandenburg / _cHrsg.: Landsmannschaft Ostbrandenburg/Neumark e.V. |
| 247 |
_a Brandenburgkurier für die Region Ostbrandenburg/Neumark _bMID : Märkischer Informationsdienst der Landsmannschaft Berlin-Mark Brandenburg |
||
| 247 |
_aBrandenburg-Kurier : _bInformationsdienst des historischen Ostbrandenburg und der Neumark |
||
| 264 | _aStuttgart [1998-?] | ||
| 264 | _aFürstenwalde [2000 - 2022] | ||
| 365 | _c€ | ||
| 500 | _aletztes Heft: 4/2022; ab 2023 Erscheinen eingestellt | ||
| 505 | _tBis 2020 Brandenburg-Kurier bzw. Brandenburgkurier | ||
| 515 | _aViermal jährlich | ||
| 546 | _adeutsch | ||
| 650 | 0 | 4 | _aMark Brandenburg |
| 650 | 0 | 4 | _aGeschichte |
| 942 |
_2z _cZS |
||
| 999 |
_c73575 _d73575 |
||